Countries by First Two Letters - Statistics

General Stats
  • This quiz has been taken 50 times
  • The average score is 168 of 196
Answers on the Map
Answers color-coded by a green-red scale on the quiz's map according to % correct below.
 
Answer Stats
Hint Hint Country % Correct
209 180.9 Bahamas
95%
494.3 174 Bahrain
95%
583 181.8 Bangladesh
95%
246.5 217 Barbados
95%
616 219.1 Cambodia
95%
407 247 Cameroon
95%
143 66 Canada
95%
326.7 206.9 Cape Verde
95%
151 182 Mexico
95%
665.7 127 North Korea
95%
429.5 121.7 North Macedonia
95%
401.7 57 Norway
95%
535.7 164.2 Pakistan
95%
680.5 241.3 Palau
95%
198 232.5 Panama
95%
703.7 282.4 Papua New Guinea
95%
248.9 339.7 Paraguay
95%
401 148 Tunisia
95%
460.3 130.6 Turkey
95%
513 130.6 Turkmenistan
95%
785 295.3 Tuvalu
95%
502 182.5 United Arab Emirates
95%
377 86 United Kingdom
95%
153 129 United States
95%
425.5 124 Albania
91%
384.2 167.2 Algeria
91%
234 373 Argentina
91%
480.5 125 Armenia
91%
443.4 81.2 Belarus
91%
391 91 Belgium
91%
180.9 203.6 Belize
91%
385.7 225 Benin
91%
422.6 209.4 Chad
91%
218 384 Chile
91%
615 140.9 China
91%
216.3 247.5 Colombia
91%
479.4 301.4 Comoros
91%
192 228 Costa Rica
91%
433 267.2 Democratic Republic of the Congo
91%
451.3 350.1 Eswatini
91%
556 185.9 India
91%
635.5 264 Indonesia
91%
501.3 152.5 Iran
91%
478.8 149.9 Iraq
91%
363 82.5 Ireland
91%
416.4 124.2 Italy
91%
368 235.9 Ivory Coast
91%
206 200.2 Jamaica
91%
693.3 140 Japan
91%
486 324.3 Madagascar
91%
456 307 Malawi
91%
610.3 247.2 Malaysia
91%
545.9 248.9 Maldives
91%
377 202.2 Mali
91%
412.9 141.1 Malta
91%
760.6 232.2 Marshall Islands
91%
354 195.5 Mauritania
91%
510.1 329.1 Mauritius
91%
444.4 102 Moldova
91%
397.2 114.5 Monaco
91%
614.2 104.1 Mongolia
91%
423.7 117.8 Montenegro
91%
366 153.5 Morocco
91%
467 309.5 Mozambique
91%
569.8 166.5 Nepal
91%
393 86.9 Netherlands
91%
776.7 391.9 New Zealand
91%
188.2 218.1 Nicaragua
91%
403.3 203.9 Niger
91%
398 230.8 Nigeria
91%
208 292 Peru
91%
657 220.6 Philippines
91%
423.6 87.1 Poland
91%
361.7 127.6 Portugal
91%
416.9 260.5 Republic of the Congo
91%
436.7 107.1 Romania
91%
577 52 Russia
91%
239.4 203.4 Saint Kitts and Nevis
91%
243.2 214.6 Saint Lucia
91%
242.7 216.8 Saint Vincent and the Grenadines
91%
802.8 307.7 Samoa
91%
408.5 113.9 San Marino
91%
395.5 260.6 São Tomé and Príncipe
91%
482.1 179.9 Saudi Arabia
91%
347 212 Senegal
91%
427.6 113 Serbia
91%
506.5 276 Seychelles
91%
742.1 295 Solomon Islands
91%
488 230 Somalia
91%
431 365 South Africa
91%
669 139 South Korea
91%
449.6 239.5 South Sudan
91%
414.3 60.5 Sweden
91%
398.4 103.5 Switzerland
91%
652.9 182.1 Taiwan
91%
545.2 133.5 Tajikistan
91%
459.1 282.5 Tanzania
91%
608 207.9 Thailand
91%
528 149.2 Afghanistan
86%
683 342 Australia
86%
414.2 100.9 Austria
86%
266 294 Brazil
86%
638.6 246.1 Brunei
86%
206 190.2 Cuba
86%
414 93.8 Czech Republic
86%
401.5 73.5 Denmark
86%
447 171.3 Egypt
86%
782.9 320.1 Fiji
86%
437 52 Finland
86%
386 105 France
86%
479 120 Georgia
86%
404 89.9 Germany
86%
378.2 234.5 Ghana
86%
459 157 Israel
86%
533 100 Kazakhstan
86%
610.3 194.9 Laos
86%
438 70.6 Latvia
86%
461.7 146.8 Lebanon
86%
444 360.5 Lesotho
86%
359.2 239.6 Liberia
86%
419.3 172.9 Libya
86%
402 103.1 Liechtenstein
86%
434.3 76.3 Lithuania
86%
597 188.5 Myanmar
86%
509.33 187.2 Oman
86%
372 127.5 Spain
86%
562 235.3 Sri Lanka
86%
450.6 96 Ukraine
86%
525 122.5 Uzbekistan
86%
232 235 Venezuela
86%
624.3 219.9 Vietnam
86%
384 118.7 Andorra
82%
420 301.2 Angola
82%
241.4 204 Antigua and Barbuda
82%
584.1 169.4 Bhutan
82%
427.6 239 Central African Republic
82%
406.5 264 Gabon
82%
344 216 Gambia
82%
430 129 Greece
82%
241.6 220.6 Grenada
82%
177.4 210 Guatemala
82%
353.3 224.2 Guinea
82%
347.7 220.3 Guinea-Bissau
82%
248 242 Guyana
82%
218 196 Haiti
82%
465.8 259.9 Kenya
82%
427.5 118.5 Kosovo
82%
548 122 Kyrgyzstan
82%
423 98 Slovakia
82%
413 106.5 Slovenia
82%
467 143 Syria
82%
488.3 208.2 Yemen
82%
487.6 125 Azerbaijan
77%
236 319 Bolivia
77%
421 113 Bosnia and Herzegovina
77%
435 336.1 Botswana
77%
437.8 117.9 Bulgaria
77%
377 219 Burkina Faso
77%
447.8 272.6 Burundi
77%
418 108 Croatia
77%
242.4 209.5 Dominica
77%
221 197 Dominican Republic
77%
439 64.8 Estonia
77%
470 234.2 Ethiopia
77%
184.5 210.7 Honduras
77%
424.4 103.1 Hungary
77%
341 43 Iceland
77%
462.3 158.9 Jordan
77%
418 328 Namibia
77%
755 264 Nauru
77%
495.7 176.2 Qatar
77%
354 232.9 Sierra Leone
77%
614.2 256.7 Singapore
77%
448.5 209.5 Sudan
77%
254.4 248.1 Suriname
77%
438 310 Zambia
77%
455.3 143.7 Cyprus
73%
180.4 215 El Salvador
73%
404 255.8 Equatorial Guinea
73%
466.3 209.2 Eritrea
73%
487 162.9 Kuwait
73%
447.8 267.7 Rwanda
73%
383 232.4 Togo
73%
798.1 328.7 Tonga
73%
242.5 226.6 Trinidad and Tobago
73%
447 325 Zimbabwe
73%
204 265.5 Ecuador
68%
21 272 Kiribati
68%
453.1 256.6 Uganda
68%
254.9 370.2 Uruguay
68%
759 318.6 Vanuatu
68%
408.5 120.7 Vatican City
68%
476.4 221.6 Djibouti
64%
717.7 235.2 Federated States of Micronesia
64%
664.3 290.8 East Timor
59%
394.3 94.2 Luxembourg
59%
No matching quizzes found
Score Distribution
Percent of People with Each Score
Percentile by Number Answered
Your Score History
You have not taken this quiz